[Event "European Online Club-ch-F 2021"]
[Site "Online"]
[Date "2021.03.27"]
[Round "3.2"]
[White "Prieur, Eetu"]
[Black "Moiseenko, Alexander"]
[Result "0-1"]
[WhiteElo "2172"]
[BlackElo "2620"]
[Annotator "ChessBase"]
[PlyCount "104"]
[EventDate "2021.03.27"]
[EventType "team-tourn"]
[EventCountry "NET"]
[SourceTitle "playchess.com"]
[Source "ChessBase"]
[SourceQuality "1"]
[TimeControl "900+5"]

1. e4 {[%emt 0:00:00]} c5 {[%emt 0:00:03]} 2. d4 {[%emt 0:00:03]} cxd4 {[%emt 0:00:25]} 3. c3 {[%emt 0:00:04]} Nf6 {[%emt 0:00:21]} 4. e5 {[%emt 0:00:05]} Nd5 {[%emt 0:00:02]} 5. Nf3 {[%emt 0:00:04]} d6 {[%emt 0:00:16]} 6. exd6 {[%emt 0:00:26]} e6 {[%emt 0:00:53]} 7. Nxd4 {[%emt 0:00:42]} Bxd6 {[%emt 0:00:14]} 8. g3 {[%emt 0:00:08]} O-O {[%emt 0:00:29]} 9. Bg2 {[%emt 0:00:08]} Nc6 {[%emt 0:00:01]} 10. O-O {[%emt 0:01:02]} Nxd4 {[%emt 0:00:16]} 11. Qxd4 {[%emt 0:00:06]} Qc7 {[%emt 0:00:17]} 12. Nd2 {[%emt 0:00:32]} Rd8 {[%emt 0:00:12]} 13. Qh4 {[%emt 0:00:26]} Be7 {[%emt 0:00:10]} 14. Qh5 {[%emt 0:00:39]} Bd7 {[%emt 0:01:30]} 15. Nf3 {[%emt 0:00:44]} Nf6 {[%emt 0:00:09]} 16. Qh4 {[%emt 0:00:48]} Bc6 {[%emt 0:00:19]} 17. Bf4 {[%emt 0:00:16]} Qb6 {[%emt 0:00:09]} 18. b3 {[%emt 0:01:51]} h6 {[%emt 0:01:23]} 19. Be5 {[%emt 0:00:27]} Qa5 {[%emt 0:00:58]} 20. b4 {[%emt 0:00:36]} Qa3 {[%emt 0:01:02]} 21. Rfe1 {[%emt 0:01:33]} a5 {[%emt 0:00:54]} 22. b5 {[%emt 0:00:49]} Nd7 {[%emt 0:01:25]} 23. Qf4 {[%emt 0:00:49]} Bxf3 {[%emt 0:00:07]} 24. Bxf3 {[%emt 0:00:13]} Nxe5 {[%emt 0:00:02]} 25. Qxe5 {[%emt 0:00:03]} Bf6 {[%emt 0:00:12]} 26. Qe3 {[%emt 0:00:14]} Qxc3 {[%emt 0:01:00]} 27. Rac1 {[%emt 0:01:04]} Qxe3 {[%emt 0:00:08]} 28. fxe3 {[%emt 0:00:03]} Rd7 {[%emt 0:00:13]} 29. Red1 {[%emt 0:00:15]} Rad8 {[%emt 0:00:10]} 30. Rxd7 {[%emt 0:00:07]} Rxd7 {[%emt 0:00:01]} 31. Rc8+ {[%emt 0:00:08]} Kh7 {[%emt 0:00:09]} 32. Kf1 {[%emt 0:00:19]} b6 {[%emt 0:01:58]} 33. Rc6 {[%emt 0:00:10]} Rd2 {[%emt 0:00:55]} 34. Rxb6 {[%emt 0:00:50]} Bg5 {[%emt 0:00:24]} 35. Ra6 {[%emt 0:00:32]} Bxe3 {[%emt 0:00:19]} 36. Be4+ {[%emt 0:00:03]} f5 {[%emt 0:00:02]} 37. Bc6 {[%emt 0:00:08]} Rxa2 {[%emt 0:00:25]} 38. b6 {[%emt 0:00:04]} Rf2+ {[%emt 0:00:07]} 39. Ke1 {[%emt 0:00:03]} Rxh2 {[%emt 0:00:01]} 40. b7 {[%emt 0:00:13]} Bf2+ {[%emt 0:00:02]} 41. Kf1 {[%emt 0:00:07]} Bxg3 {[%emt 0:00:03]} 42. Bg2 {[%emt 0:00:33]} Rh4 {[%emt 0:00:10]} 43. Rxa5 {[%emt 0:00:24]} Rf4+ {[%emt 0:00:02]} 44. Kg1 {[%emt 0:00:06]} Rb4 {[%emt 0:00:03]} 45. Kf1 {[%emt 0:00:23]} Kg6 {[%emt 0:00:08]} 46. Ra3 {[%emt 0:00:11]} Bf4 {[%emt 0:00:21]} 47. Rf3 {[%emt 0:00:07]} Kg5 {[%emt 0:00:09]} 48. Rc3 {[%emt 0:00:04]} e5 {[%emt 0:00:10]} 49. Bd5 {[%emt 0:00:04]} e4 {[%emt 0:00:03]} 50. Ke2 {[%emt 0:00:10]} Rb2+ {[%emt 0:00:02]} 51. Kf1 {[%emt 0:00:03]} h5 {[%emt 0:00:03]} 52. Rc8 {[%emt 0:00:10]} h4 {[%emt 0:00:04]} 0-1

[Event "European Online Club-ch-F 2021"]
[Site "Online"]
[Date "2021.03.27"]
[Round "3.3"]
[White "Smirin, Ilia"]
[Black "Lammi, Jyri"]
[Result "1-0"]
[WhiteElo "2614"]
[BlackElo "2083"]
[Annotator "ChessBase"]
[PlyCount "59"]
[EventDate "2021.03.27"]
[EventType "team-tourn"]
[EventCountry "NET"]
[SourceTitle "playchess.com"]
[Source "ChessBase"]
[SourceQuality "1"]
[TimeControl "900+5"]

1. e4 {[%emt 0:00:00]} e5 {[%emt 0:00:21]} 2. Nf3 {[%emt 0:00:05]} d6 {[%emt 0:00:07]} 3. d4 {[%emt 0:00:04]} Nd7 {[%emt 0:00:03]} 4. Bc4 {[%emt 0:00:10]} c6 {[%emt 0:00:03]} 5. O-O {[%emt 0:00:21]} Be7 {[%emt 0:00:30]} 6. dxe5 {[%emt 0:00:20]} dxe5 {[%emt 0:00:03]} 7. Ng5 {[%emt 0:00:07]} Bxg5 {[%emt 0:00:34]} 8. Qh5 {[%emt 0:00:05]} Qe7 {[%emt 0:00:06]} 9. Qxg5 {[%emt 0:00:39]} Qxg5 {[%emt 0:01:31]} 10. Bxg5 {[%emt 0:00:04]} Ngf6 {[%emt 0:00:05]} 11. f3 {[%emt 0:00:15]} b5 {[%emt 0:00:08]} 12. Be2 {[%emt 0:00:06]} Nc5 {[%emt 0:00:23]} 13. Nd2 {[%emt 0:00:21]} Be6 {[%emt 0:00:29]} 14. c4 {[%emt 0:00:15]} b4 {[%emt 0:00:42]} 15. Nb3 {[%emt 0:00:14]} Na4 {[%emt 0:00:20]} 16. a3 {[%emt 0:00:42]} Nb6 {[%emt 0:03:15]} 17. Na5 {[%emt 0:00:31]} bxa3 {[%emt 0:00:26]} 18. Rxa3 {[%emt 0:00:05]} c5 {[%emt 0:00:19]} 19. b3 {[%emt 0:00:31]} Nfd7 {[%emt 0:00:31]} 20. Nc6 {[%emt 0:00:17]} f6 {[%emt 0:00:40]} 21. Be3 {[%emt 0:00:08]} Kf7 {[%emt 0:00:21]} 22. Nxa7 {[%emt 0:00:16]} Rhb8 {[%emt 0:01:25]} 23. Rfa1 {[%emt 0:00:15]} Rb7 {[%emt 0:00:11]} 24. Nb5 {[%emt 0:00:13]} Rxa3 {[%emt 0:00:09]} 25. Rxa3 {[%emt 0:00:02]} Ke7 {[%emt 0:00:05]} 26. Kf2 {[%emt 0:00:32]} h6 {[%emt 0:00:35]} 27. Ra6 {[%emt 0:00:12]} Bf7 {[%emt 0:00:08]} 28. Ke1 {[%emt 0:00:46]} Rb8 {[%emt 0:01:12]} 29. Kd2 {[%emt 0:00:13]} Ra8 {[%emt 0:00:06]} 30. Rxb6 {[%emt 0:00:43]} 1-0

[Event "European Online Club-ch-F 2021"]
[Site "Online"]
[Date "2021.03.27"]
[Round "3.4"]
[White "Puittinen, Mika"]
[Black "Fridman, Daniel"]
[Result "0-1"]
[WhiteElo "2007"]
[BlackElo "2601"]
[Annotator "ChessBase"]
[PlyCount "70"]
[EventDate "2021.03.27"]
[EventType "team-tourn"]
[EventCountry "NET"]
[SourceTitle "playchess.com"]
[Source "ChessBase"]
[SourceQuality "1"]
[TimeControl "900+5"]

1. c4 {[%emt 0:00:00]} e6 {[%emt 0:00:20]} 2. g3 {[%emt 0:00:06]} d5 {[%emt 0:00:03]} 3. Bg2 {[%emt 0:00:03]} Nf6 {[%emt 0:00:02]} 4. Nf3 {[%emt 0:00:02]} d4 {[%emt 0:00:02]} 5. d3 {[%emt 0:00:29]} c5 {[%emt 0:00:10]} 6. O-O {[%emt 0:00:07]} Nc6 {[%emt 0:00:03]} 7. e3 {[%emt 0:01:39]} Bd6 {[%emt 0:00:05]} 8. b4 {[%emt 0:02:10]} dxe3 {[%emt 0:02:40]} 9. fxe3 {[%emt 0:00:59]} Nxb4 {[%emt 0:00:10]} 10. d4 {[%emt 0:00:38]} O-O {[%emt 0:00:09]} 11. Nc3 {[%emt 0:00:15]} Nc6 {[%emt 0:00:20]} 12. Rb1 {[%emt 0:00:31]} h6 {[%emt 0:01:59]} 13. Bb2 {[%emt 0:02:41]} Re8 {[%emt 0:00:24]} 14. Kh1 {[%emt 0:02:28]} Rb8 {[%emt 0:00:28]} 15. e4 {[%emt 0:00:32]} cxd4 {[%emt 0:00:57]} 16. Nxd4 {[%emt 0:00:03]} Be5 {[%emt 0:02:32]} 17. Ncb5 {[%emt 0:01:36]} Nxd4 {[%emt 0:00:39]} 18. Nxd4 {[%emt 0:00:07]} Bd7 {[%emt 0:00:47]} 19. Nb5 {[%emt 0:00:40]} Bxb2 {[%emt 0:00:16]} 20. Rxb2 {[%emt 0:00:02]} Bxb5 {[%emt 0:00:02]} 21. Rxb5 {[%emt 0:00:26]} Qxd1 {[%emt 0:01:06]} 22. Rxd1 {[%emt 0:00:03]} Rbd8 {[%emt 0:00:01]} 23. Re1 {[%emt 0:00:31]} b6 {[%emt 0:00:08]} 24. e5 {[%emt 0:00:10]} Nd7 {[%emt 0:00:31]} 25. Bc6 {[%emt 0:00:04]} Rf8 {[%emt 0:00:03]} 26. a4 {[%emt 0:00:14]} Nc5 {[%emt 0:01:33]} 27. a5 {[%emt 0:00:05]} Rc8 {[%emt 0:00:40]} 28. Bf3 {[%emt 0:00:06]} bxa5 {[%emt 0:00:06]} 29. Rxa5 {[%emt 0:00:02]} Rc7 {[%emt 0:00:02]} 30. Rea1 {[%emt 0:00:05]} a6 {[%emt 0:00:02]} 31. Rd1 {[%emt 0:00:11]} Rb8 {[%emt 0:00:04]} 32. Rd6 {[%emt 0:00:06]} Rb4 {[%emt 0:00:05]} 33. Rd4 {[%emt 0:00:24]} Kh7 {[%emt 0:00:16]} 34. Ra2 {[%emt 0:00:05]} a5 {[%emt 0:00:18]} 35. Rf4 {[%emt 0:00:10]} a4 {[%emt 0:00:05]} 0-1

[Event "European Online Club-ch-F 2021"]
[Site "Online"]
[Date "2021.03.27"]
[Round "3.5"]
[White "Kovalev, Vladislav"]
[Black "Maghsoodloo, Parham"]
[Result "1-0"]
[WhiteElo "2648"]
[BlackElo "2676"]
[Annotator "TA"]
[PlyCount "103"]
[EventDate "2021.03.27"]
[EventType "team-tourn"]
[EventCountry "NET"]
[SourceTitle "playchess.com"]
[Source "ChessBase"]
[SourceQuality "1"]

{[%evp 14,103,21,18,24,4,18,8,4,-19,0,-14,76,68,71,0,0,0,0,0,24,16,30,10,191,193,297,279,291,291,277,277,277,213,202,207,208,87,79,163,1230,1100,29974,175,29975,29976,29976,29977,29977,29978,29978,29979,29975,29975,5256,554,0,0,2258,563,573,556,567,559,555,552,592,551,526,547,544,531,835,737,835,835,827,827,703,670,827,827,820,820,764,722,821,820,814,810,790,769]} 1. e4 e6 2. d4 d5 3. Nd2 c5 4. Ngf3 cxd4 5. Nxd4 Nc6 6. Bb5 Bd7 7. Nxc6 bxc6 8. Bd3 Bd6 {C07: French Tarrasch: 3...c5, 4 Ngf3 and 4 exd5 Qxd5.} 9. Qe2 e5 10. c4 $5 {[%mdl 4] Leaves trodden paths.} d4 {The position is equal.} 11. O-O Ne7 12. f4 (12. c5 $5 Bxc5 13. f4 $11) 12... exf4 (12... c5 $11 {keeps the balance.}) 13. e5 $1 $16 {[%cal Re5d6]} Bc7 {[#]} 14. Nf3 $146 (14. c5 $16) ({Predecessor:} 14. Ne4 Bxe5 15. Bxf4 Qc7 16. Bg3 f5 17. Nc5 Bxg3 18. hxg3 Qxg3 19. Bxf5 Bxf5 20. Rxf5 {½-½ (68) Kevlishvili,R (2451)-Poetsch,H (2485) Vandoeuvre 2018}) 14... Ng6 $11 15. Bxg6 hxg6 16. Bxf4 Bf5 17. Qf2 c5 18. Qg3 Qb8 $2 {[#]} (18... Rc8 $11 {and Black stays safe.}) 19. Ng5 $1 $18 Kf8 {[#]} (19... Qxb2 {was called for.} 20. Qf3 (20. e6 Bxf4 21. exf7+ Kd7 $18) 20... O-O) 20. Nxf7 $1 {[%mdl 576] Remove Defender} Kxf7 21. e6+ $1 {[%mdl 64] Discovered Attack} Kg8 {Hoping for ...Bxf4.} 22. Bxc7 Qxb2 23. Rae1 d3 24. Be5 Qb7 {[#]} 25. Rb1 (25. Bd6 $1 $18) 25... Qe7 $16 26. Qf3 $36 {[%mdl 2048] Strongly threatening Rb7. White has strong initiative.} Re8 $2 (26... Rd8) 27. Rb7 $18 Qxe6 28. Rxg7+ Kf8 {[#]} 29. Qb7 $1 Rd8 {[#]} 30. g4 $1 {[%mdl 64] Pin} d2 31. gxf5 gxf5 {[#]} 32. Rxf5+ $1 {[%mdl 512]} Ke8 33. Qb5+ {[%mdl 64] Double Attack} Rd7 34. Qb8+ Rd8 35. Qb5+ {[%mdl 64] Double Attack} Rd7 {White now steadily converts the win.} 36. Qxd7+ {White is clearly winning.} Qxd7 37. Rxd7 {[%mdl 64] Discovered Attack} Kxd7 {[%mdl 4096] Endgame KRB-KR} 38. Rf1 (38. Bxh8 $2 {perishes.} d1=Q+ 39. Rf1 Qg4+ 40. Kh1 Qxc4 $19) 38... Rh4 39. Rd1 Rxc4 {White must now prevent ...Rc1!} 40. Rxd2+ Ke6 41. Re2 Ra4 42. Kg2 c4 43. Kf3 Kf5 44. Bc3 Ra3 45. Rc2 Ra6 46. Ke3 Rd6 47. Rf2+ Kg4 48. Rd2 Rc6 49. Kd4 Kh3 50. Re2 Rc7 51. Kd5 Rc8 52. Be5 {Weighted Error Value: White=0.43/Black=0.42} 1-0

[Event "European Online Club-ch-F 2021"]
[Site "Online"]
[Date "2021.03.27"]
[Round "3.6"]
[White "Amin, Bassem"]
[Black "Azarov, Sergei"]
[Result "0-1"]
[WhiteElo "2695"]
[BlackElo "2604"]
[Annotator "TA"]
[PlyCount "108"]
[EventDate "2021.03.27"]
[EventType "team-tourn"]
[EventCountry "NET"]
[SourceTitle "playchess.com"]
[Source "ChessBase"]
[SourceQuality "1"]

{[%evp 11,108,8,27,0,0,0,0,-15,0,0,14,21,34,14,11,0,6,5,22,21,26,17,17,-41,18,0,25,28,19,0,0,-4,-7,-114,-21,-20,-8,-4,-10,-11,6,-86,-6,-272,-163,-578,-537,-568,-256,-567,-344,-288,-217,-223,0,0,0,-233,-223,-233,-226,-196,-233,-223,-194,-177,-168,-166,-150,-151,-159,-159,-70,-70,-74,-74,-67,-456,-22,-79,-79,-138,-82,-233,-138,-518,-508,-3216,-1960,-1907,-1813,-1889,-1838,-1298,-1043,-29973,-29975,-29983,-29984]} 1. Nf3 Nf6 2. g3 b6 3. Bg2 Bb7 4. O-O c5 5. d3 d6 6. e4 e6 7. Nfd2 {A05: Réti Opening: 1 Nf3 Nf6.} Nc6 8. f4 Be7 9. Nc3 {The position is equal.} a6 10. a4 Qc7 11. Nc4 {[#]} O-O $146 ({Predecessor:} 11... Nd4 12. Ne3 g6 13. Ne2 Qd7 14. c3 Nc6 15. g4 h6 16. h3 Qc7 17. Bd2 h5 {1-0 (31) Habibi,A (2205)-Werner,C (2302) Rapperswil Jona 2010}) 12. e5 Ne8 13. f5 $1 {Strongly threatening exd6.} Nxe5 14. fxe6 Bxg2 15. exf7+ Nxf7 16. Kxg2 Nf6 17. a5 ({White should try} 17. Qf3 $11) 17... bxa5 (17... b5 $15 18. Nb6 Rae8) 18. Bf4 Qb7+ 19. Qf3 d5 20. b3 Rad8 21. Nxa5 (21. Rxa5 $2 g5 $19) 21... Qd7 22. h4 (22. Bd2 $11) 22... Ng4 (22... Rde8 $1 $17 23. Bd2 Nd8) 23. Rae1 $1 $11 {[%cal Re1e7] And now Rxe7! would win.} (23. Nc6 $2 Qxc6 24. Qxg4 Bf6 $19) 23... Bf6 24. Na4 {[%cal Ra4c5]} Nfe5 25. Qd1 Qb5 {[#]} 26. Qd2 (26. Nxc5 $1 $11 Qxc5 27. d4 {[%mdl 64] Double Attack} Qxa5 28. dxe5 Bxe5 29. Bxe5 (29. Qxg4 Bxf4 30. gxf4 Rd6 $11) 29... Rxf1 30. Kxf1 Rf8+ 31. Bf4) 26... h5 ({Better is} 26... Ng6 $1 $17 27. Bg5 c4 28. dxc4 dxc4) 27. Re2 $2 {[%mdl 8192]} (27. Nxc5 $1 $11 Qxc5 28. d4 {[%mdl 64] Double Attack}) 27... Ng6 (27... c4 $142 {[%cal Rc4d3]} 28. d4 Ng6) 28. Bc7 $2 (28. Bg5) 28... Rde8 $19 29. Rfe1 {intending Rxe8.} Bd4 (29... Rxe2+ $142 30. Qxe2 Be5 31. Bxe5 N6xe5) 30. Qg5 $2 (30. Rxe8 {is a better chance.} Rxe8 31. c4) 30... Rxe2+ 31. Rxe2 {[#]} Qd7 $1 {Threatens to win with ...Nf2.} 32. Qxg6 {[#]} Qxc7 (32... Qe7 $1 $19 {[%cal Re7e2][%mdl 512]} 33. Qxg4 (33. Rxe7 {gets mated.} Rf2+ {[%mdl 64] Double Attack} 34. Kg1 Rd2+ {[%mdl 64] Discovered Attack} 35. Re3 Bxe3+ 36. Kf1 Nh2+ 37. Ke1 Nf3+ 38. Kf1 Rf2#) 33... Rf2+ $1 {[%mdl 512]} 34. Rxf2 hxg4) 33. Nc6 $1 $11 {next Qe6+ is good for White.} Ne3+ $40 {[%mdl 128] White needs to defend precisely.} 34. Rxe3 $2 Bxe3 $19 35. Qe6+ Qf7 $1 {[%cal Rf7e6]} 36. Ne7+ Kh7 {( -> ...Qf1+)} 37. Qxf7 Rxf7 38. Nxd5 {[%mdl 4096] Endgame KRB-KNN} Rf2+ 39. Kh3 Bc1 40. Nxc5 Rxc2 41. Nxa6 Ba3 (41... Rc6 $1 $17 {[%cal Rc6a6]} 42. Nab4 Rd6) 42. b4 $15 Bb2 {[%mdl 1024] Black has compensation.} 43. b5 Bd4 44. Nac7 $2 {[%mdl 8192] [#]} (44. g4 $15) 44... Rb2 $2 (44... g5 $1 $19 {[%csl Gh5][%cal Rg5g4]} 45. g4 (45. hxg5 $2 Bg1 $19) 45... Be5 46. gxh5 Bxc7 47. hxg5 Bd8) 45. Nf4 (45. Ne6 $11 {keeps the balance.} Bg1 46. g4) 45... Be5 $17 46. Nfe6 ({White should play} 46. Nce6) 46... Rb3 (46... Kg6 $142 47. Nd5 Rxb5 48. Nef4+ Bxf4 49. Nxf4+ Kf6) 47. Ng5+ $2 {[#]} (47. Nd5 $17 {might work better.}) 47... Kg6 (47... Kg8 $1 $19 48. Nd5 g6 49. Ne7+ Kg7) 48. Nce6 $2 {[%mdl 8192]} (48. Nd5 $17) 48... Rxd3 $19 49. Nf8+ (49. Ne4 $142) 49... Kf5 50. Kg2 Rxg3+ 51. Kf1 Rb3 52. Nd7 Rxb5 53. Nxe5 Rxe5 54. Kf2 Kg4 {Weighted Error Value: White=1.01/Black=0.51} 0-1

[Event "European Online Club-ch-F 2021"]
[Site "Online"]
[Date "2021.03.27"]
[Round "3.7"]
[White "Kazakouski, Valery"]
[Black "Van Wely, Loek"]
[Result "1/2-1/2"]
[WhiteElo "2476"]
[BlackElo "2620"]
[Annotator "ChessBase"]
[PlyCount "90"]
[EventDate "2021.03.27"]
[EventType "team-tourn"]
[EventCountry "NET"]
[SourceTitle "playchess.com"]
[Source "ChessBase"]
[SourceQuality "1"]
[TimeControl "900+5"]

1. d4 {[%emt 0:00:00]} Nf6 {[%emt 0:00:05]} 2. Nf3 {[%emt 0:00:02]} e6 {[%emt 0:00:29]} 3. c4 {[%emt 0:00:02]} d5 {[%emt 0:00:02]} 4. g3 {[%emt 0:00:04]} dxc4 {[%emt 0:00:08]} 5. Bg2 {[%emt 0:00:02]} c5 {[%emt 0:00:06]} 6. O-O {[%emt 0:00:06]} Nc6 {[%emt 0:00:03]} 7. dxc5 {[%emt 0:01:08]} Qxd1 {[%emt 0:00:05]} 8. Rxd1 {[%emt 0:00:04]} Bxc5 {[%emt 0:00:01]} 9. Nfd2 {[%emt 0:00:36]} Na5 {[%emt 0:03:52]} 10. Na3 {[%emt 0:00:11]} Bxa3 {[%emt 0:00:09]} 11. bxa3 {[%emt 0:00:02]} Bd7 {[%emt 0:00:16]} 12. Bb2 {[%emt 0:00:26]} Bc6 {[%emt 0:01:07]} 13. Bxc6+ {[%emt 0:01:23]} Nxc6 {[%emt 0:00:00]} 14. Nxc4 {[%emt 0:00:02]} O-O {[%emt 0:00:08]} 15. Nd6 {[%emt 0:01:25]} Rab8 {[%emt 0:01:11]} 16. Bxf6 {[%emt 0:01:07]} gxf6 {[%emt 0:00:02]} 17. Ne4 {[%emt 0:00:01]} Kg7 {[%emt 0:00:09]} 18. Rd7 {[%emt 0:00:22]} Rfd8 {[%emt 0:00:22]} 19. Rad1 {[%emt 0:00:41]} b6 {[%emt 0:01:05]} 20. f4 {[%emt 0:00:46]} Kg6 {[%emt 0:02:05]} 21. Kf2 {[%emt 0:01:49]} h6 {[%emt 0:00:32]} 22. g4 {[%emt 0:01:26]} Rxd7 {[%emt 0:00:50]} 23. Rxd7 {[%emt 0:00:03]} f5 {[%emt 0:00:02]} 24. gxf5+ {[%emt 0:01:08]} Kxf5 {[%emt 0:00:00]} 25. Kf3 {[%emt 0:00:37]} Kg6 {[%emt 0:00:04]} 26. e3 {[%emt 0:00:31]} Rd8 {[%emt 0:00:20]} 27. Rc7 {[%emt 0:00:41]} Na5 {[%emt 0:00:04]} 28. Ke2 {[%emt 0:00:04]} a6 {[%emt 0:01:26]} 29. Nd2 {[%emt 0:00:08]} b5 {[%emt 0:00:12]} 30. Ra7 {[%emt 0:00:15]} Rd6 {[%emt 0:00:05]} 31. Nf3 {[%emt 0:00:01]} Nc4 {[%emt 0:00:06]} 32. Nh4+ {[%emt 0:00:26]} Kf6 {[%emt 0:00:06]} 33. Nf3 {[%emt 0:00:01]} Kg6 {[%emt 0:01:10]} 34. a4 {[%emt 0:00:06]} f6 {[%emt 0:00:07]} 35. axb5 {[%emt 0:00:10]} axb5 {[%emt 0:00:00]} 36. Nd4 {[%emt 0:00:02]} Rb6 {[%emt 0:00:23]} 37. Re7 {[%emt 0:00:58]} e5 {[%emt 0:00:11]} 38. f5+ {[%emt 0:00:01]} Kh5 {[%emt 0:00:04]} 39. Ne6 {[%emt 0:00:18]} Ra6 {[%emt 0:00:07]} 40. Rg7 {[%emt 0:00:34]} Rxa2+ {[%emt 0:00:11]} 41. Kf3 {[%emt 0:00:15]} Nd2+ {[%emt 0:00:16]} 42. Kg3 {[%emt 0:00:05]} Nf1+ {[%emt 0:00:17]} 43. Kf3 {[%emt 0:00:01]} Nd2+ {[%emt 0:00:08]} 44. Kg3 {[%emt 0:00:02]} Nf1+ {[%emt 0:00:14]} 45. Kf3 {[%emt 0:00:01]} Nd2+ {[%emt 0:00:11]} 1/2-1/2

[Event "European Online Club-ch-F 2021"]
[Site "Online"]
[Date "2021.03.27"]
[Round "3.8"]
[White "Hamdouchi, Hicham"]
[Black "Meribanov, Vitaly"]
[Result "1-0"]
[WhiteElo "2561"]
[BlackElo "2406"]
[Annotator "ChessBase"]
[PlyCount "53"]
[EventDate "2021.03.27"]
[EventType "team-tourn"]
[EventCountry "NET"]
[SourceTitle "playchess.com"]
[Source "ChessBase"]
[SourceQuality "1"]
[TimeControl "900+5"]

1. e4 {[%emt 0:00:00]} c5 {[%emt 0:00:09]} 2. Nc3 {[%emt 0:00:04]} Nc6 {[%emt 0:00:02]} 3. Bb5 {[%emt 0:00:02]} Nd4 {[%emt 0:00:02]} 4. Nf3 {[%emt 0:00:03]} Nxb5 {[%emt 0:00:14]} 5. Nxb5 {[%emt 0:00:02]} a6 {[%emt 0:00:02]} 6. Nc3 {[%emt 0:00:02]} e6 {[%emt 0:00:03]} 7. O-O {[%emt 0:00:04]} Be7 {[%emt 0:00:11]} 8. d4 {[%emt 0:00:18]} cxd4 {[%emt 0:00:38]} 9. Qxd4 {[%emt 0:00:10]} d6 {[%emt 0:02:23]} 10. Qxg7 {[%emt 0:00:31]} Bf6 {[%emt 0:00:08]} 11. Qg3 {[%emt 0:00:06]} Ne7 {[%emt 0:00:09]} 12. Qf4 {[%emt 0:02:08]} Ng6 {[%emt 0:00:16]} 13. Qh6 {[%emt 0:00:53]} b5 {[%emt 0:00:30]} 14. Bg5 {[%emt 0:00:46]} Bb7 {[%emt 0:00:14]} 15. a3 {[%emt 0:00:52]} Rc8 {[%emt 0:01:53]} 16. Rfe1 {[%emt 0:02:01]} Rc5 {[%emt 0:00:48]} 17. h4 {[%emt 0:01:06]} a5 {[%emt 0:02:06]} 18. Re2 {[%emt 0:02:20]} Rg8 {[%emt 0:02:27]} 19. Rd1 {[%emt 0:01:12]} b4 {[%emt 0:01:32]} 20. Na4 {[%emt 0:00:22]} Rc4 {[%emt 0:00:13]} 21. axb4 {[%emt 0:02:09]} Rxe4 {[%emt 0:01:25]} 22. Red2 {[%emt 0:01:02]} Bxg5 {[%emt 0:01:12]} 23. hxg5 {[%emt 0:00:04]} Rxb4 {[%emt 0:00:07]} 24. Rxd6 {[%emt 0:00:07]} Qc7 {[%emt 0:00:02]} 25. Qh2 {[%emt 0:00:22]} Rxa4 {[%emt 0:00:12]} 26. Rxe6+ {[%emt 0:00:06]} fxe6 {[%emt 0:00:06]} 27. Qxc7 {[%emt 0:00:03]} 1-0

[Event "European Online Club-ch-F 2021"]
[Site "Online"]
[Date "2021.03.27"]
[Round "3.9"]
[White "Pechac, Jergus"]
[Black "Gorodetzky, Matan"]
[Result "0-1"]
[WhiteElo "2507"]
[BlackElo "2253"]
[Annotator "ChessBase"]
[PlyCount "22"]
[EventDate "2021.03.27"]
[EventType "team-tourn"]
[EventCountry "NET"]
[SourceTitle "playchess.com"]
[Source "ChessBase"]
[SourceQuality "1"]
[TimeControl "900+5"]

1. d4 {[%emt 0:00:00]} d5 {[%emt 0:00:03]} 2. c4 {[%emt 0:00:05]} e6 {[%emt 0:00:02]} 3. Nc3 {[%emt 0:00:02]} c5 {[%emt 0:00:02]} 4. cxd5 {[%emt 0:00:12]} exd5 {[%emt 0:00:02]} 5. Nf3 {[%emt 0:00:12]} cxd4 {[%emt 0:00:05]} 6. Nxd4 {[%emt 0:00:14]} Nf6 {[%emt 0:00:04]} 7. g3 {[%emt 0:00:49]} Bc5 {[%emt 0:00:20]} 8. Bg2 {[%emt 0:00:23]} Qb6 {[%emt 0:00:18]} 9. e3 {[%emt 0:00:52]} Bg4 {[%emt 0:00:35]} 10. Nxd5 {[%emt 0:01:25]} Bb4+ {[%emt 0:02:16]} 11. Qd2 {[%emt 0:01:00]} Bxd2+ {[%emt 0:00:28]} 0-1